
Library Catalogue

| 000 -LEADER | |
|---|---|
| fixed length control field | 02359nam a2200217Ia 4500 |
| 003 - CONTROL NUMBER IDENTIFIER | |
| control field | OSt |
| 005 - DATE AND TIME OF LATEST TRANSACTION | |
| control field | 20210106152901.0 |
| 008 - FIXED-LENGTH DATA ELEMENTS--GENERAL INFORMATION | |
| fixed length control field | 160316s2011 xxu||||| |||| 00| 0 eng d |
| 020 ## - INTERNATIONAL STANDARD BOOK NUMBER | |
| International Standard Book Number | 9781107011588 |
| 040 ## - CATALOGING SOURCE | |
| Transcribing agency | NLS |
| 082 ## - DEWEY DECIMAL CLASSIFICATION NUMBER | |
| Classification number | 341.77 |
| Item number | STA-I |
| 100 ## - MAIN ENTRY--PERSONAL NAME | |
| Personal name | Stahn Garsten |
| 245 ## - TITLE STATEMENT | |
| Title | The international criminal court and complementarity : From theory and practice Vol. I |
| 260 ## - PUBLICATION, DISTRIBUTION, ETC. | |
| Place of publication, distribution, etc. | Cambridge |
| Name of publisher, distributor, etc. | Cambridge University Press |
| Date of publication, distribution, etc. | 2011 |
| 300 ## - PHYSICAL DESCRIPTION | |
| Extent | 682p |
| Dimensions | xviii |
| 365 ## - TRADE PRICE | |
| Price amount | Rs. 19,680 Vol |
| 505 ## - FORMATTED CONTENTS NOTE | |
| Formatted contents note | Contents:<br/>Volume 1: Introduction: bridge over troubled waters? Complementarity themes and debates in context;<br/>Part I. General Reflections:<br/>1. A positive approach to complementarity: the impact of the Office of the Prosecutor;<br/>2. Justice and prevention;<br/>3. Proactive complementarity: a registrar's perspective and plans;<br/>Part II. Origin and Genesis of Complementarity:<br/>4. The genesis of complementarity;<br/>5. Reflections on complementarity at the Rome Conference and beyond;<br/>6. The rise and fall of complementarity;<br/>Part III. Analytical Dimensions of Complementarity:<br/>7. Complementarity as global governance;<br/>8. Policy through complementarity: the atrocity trial as justice;<br/>9. Taking complementarity seriously: on the sense and sensibility of 'classical', 'positive' and 'negative' complementarity;<br/>10. International criminal justice in the era of failed states: the ICC and the self-referral debate;<br/>11. The quest for constructive complementarity;<br/>12. Reframing positive complementarity: reflections on the first decade and insights from the US federal criminal justice system;<br/>13. Too much of a good thing? Implementation and the uses of complementarity;<br/>Part IV. Interpretation and Application:<br/>14. The application of the principle of complementarity to the decision of where to open an investigation: the admissibility of 'situations';<br/>15. Situations and case: defining the parameters;<br/>16. The inaction controversy: neglected words and new opportunities;<br/>17. Admissibility procedure;<br/>18. The evolution of the ICC jurisprudence on admissibility;<br/>19. Interpretative gravity under the ICC statute: identifying common gravity criteria;<br/>20. Complementarity and burden allocation. |
| 650 ## - SUBJECT ADDED ENTRY--TOPICAL TERM | |
| Topical term or geographic name entry element | 1.International criminal courts2.International offences - Law and legislation |
| 700 ## - ADDED ENTRY--PERSONAL NAME | |
| Personal name | Elzeidy Mohamed M |
| -- | |
| 942 ## - ADDED ENTRY ELEMENTS (KOHA) | |
| Source of classification or shelving scheme | Dewey Decimal Classification |
| Koha item type | BOOKs |
| Withdrawn status | Lost status | Damaged status | Not for loan | Home library | Current library | Shelving location | Date acquired | Cost, normal purchase price | Total Checkouts | Full call number | Barcode | Date last seen | Price effective from | Koha item type | Public note |
|---|---|---|---|---|---|---|---|---|---|---|---|---|---|---|---|
| . | . | NAB Compactor | 30.05.2017 | 19680.00 | 341.77 STA-I | 26581 | 30.05.2017 | 30.05.2017 | BOOKs | Kept in the NAB Compactor |